000 01013nam a22002417a 4500
005 20170530103630.0
010 _a1617EN ENG-118343
020 _a9788183283120
_c795.00
035 _aB-648557-567 EN-101875
035 _aB-664761
037 _adpl
_bDBAD/PUB
037 _aStar
082 _a613.2
100 _aGiri, Jigasa
245 _aSukham ayu :
_c by Jigasa Giri [and} Pratibha Jain
_bcooking at home with ayurvedic insights /
260 _aNew Delhi
_bWisdom Tree
_c2016
270 _a4779/23, Ansari Road, Darya Ganj,
_bNew Delhi
_e110002
300 _a113p.
_c24cm(Hb)
700 _a Jain, Pratibha
942 _2ddc
_cEN
_h613.2
_mGIR
999 _c102421
_d102421